Niẓām al-nazāhah al-ʻArabī fī muwājahat al-fasād : kitāb al-marjaʻīyah /
Arab countries; politics and government.
Saved in:
| Corporate Author: | |
|---|---|
| Format: | Book |
| Language: | Arabic |
| Published: |
Berlin :
Munaẓẓamat al-Shafāfīyah al-Dawlīyah,
[2005?]
|
| Edition: | al-Ṭabʻah 1. |
| Subjects: | |
| Tags: |
Add Tag
No Tags, Be the first to tag this record!
|
| LEADER | 01427cam a2200373Ia 4500 | ||
|---|---|---|---|
| 001 | 009824924-X | ||
| 005 | 20090122101829.0 | ||
| 008 | 070801s2005 gw b 001 0 ara | ||
| 010 | |a 2006308587 | ||
| 020 | |a 1886604568 | ||
| 020 | |a 9781886604568 | ||
| 035 | 0 | |a ocn478840159 | |
| 035 | 0 | |a ocn162145708 | |
| 040 | |a DLC-R |c DLC |d PAU | ||
| 041 | 0 | |a ara |g eng | |
| 042 | |a lcode | ||
| 043 | |a ma----- | ||
| 050 | 4 | |a JQ1758.A56 |b C66 2005 | |
| 245 | 0 | 0 | |6 880-01 |a Niẓām al-nazāhah al-ʻArabī fī muwājahat al-fasād : |b kitāb al-marjaʻīyah / |c al-Markaz al-Lubnānī lil-Dirāsāt. |
| 250 | |6 880-02 |a al-Ṭabʻah 1. | ||
| 260 | |6 880-03 |a Berlin : |b Munaẓẓamat al-Shafāfīyah al-Dawlīyah, |c [2005?] | ||
| 300 | |a 307 p. ; |c 24 cm. | ||
| 500 | |a Acknowledgments in English. | ||
| 504 | |a Includes bibliographical references and index. | ||
| 520 | |a Arab countries; politics and government. | ||
| 650 | 0 | |a Political corruption |z Arab countries. | |
| 650 | 0 | |a Transparency in government |z Arab countries. | |
| 710 | 2 | |a Transparency International. | |
| 752 | |a Germany |d Berlin. | ||
| 880 | 0 | 0 | |6 245-01 |a نظام النزاهة العربي في مواجهة الفساد : |b كتاب المرجعية / |c المركز اللبناني للدراسات. |
| 880 | |6 250-02 |a الطبعة 1. | ||
| 880 | |6 260-03 |a Berlin : |b منظمة الشفافية الدولية، |c [?2005] | ||
| 988 | |a 20070809 | ||
| 906 | |0 OCLC | ||


